Online Catalogue and eLibrary

Tesawalamai: Protection of community rights or Discrimination of women? (Record no. 5889)

MARC details
000 -LEADER
fixed length control field 00522nam a22001817a 4500
005 - DATE AND TIME OF LATEST TRANSACTION
control field 20240611024942.0
008 - FIXED-LENGTH DATA ELEMENTS--GENERAL INFORMATION
fixed length control field 240611b |||||||| |||| 00| 0 eng d
020 ## - INTERNATIONAL STANDARD BOOK NUMBER
ISBN 9559102729
082 ## - DDC Classification
DDC Edition Number 22
Class No. 340
Item Number - Author Mark AMB
100 ## - MAIN ENTRY--PERSONAL NAME
Personal name Satkunananathan, Ambika
245 ## - TITLE STATEMENT
Title Tesawalamai: Protection of community rights or Discrimination of women?
Statement of responsibility, etc. Ambika, Satkunanathan
260 ## - PUBLICATION, DISTRIBUTION, ETC.
Place of publication, distribution, etc. Colombo
Name of publisher, distributor, etc. Social scientists' Association
Date of publication, distribution, etc. 2004
300 ## - PHYSICAL DESCRIPTION
Extent (e.g. Volumes, Pages etc.) 15 p .,
650 ## - SUBJECT ADDED ENTRY--TOPICAL TERM
Topical term or geographic name entry element Women
650 ## - SUBJECT ADDED ENTRY--TOPICAL TERM
Topical term or geographic name entry element Multicultural
650 ## - SUBJECT ADDED ENTRY--TOPICAL TERM
Topical term or geographic name entry element Society
942 ## - Koha item type (Biblio)
Koha item type Books in Stacks (Lending)
Holdings
Lost status Damaged status Collection code Home library Current library Date acquired Full call number Accession Number Item type
    Lending WERC Library WERC Library 06/11/2024 340 AMB 4961 Books in Stacks (Lending)

© WERC Library